Statistiques concernant 200 films et franchises de films cultes

Cliquez ici pour prendre le quiz!

Statistiques générales

  • Ce quiz a été pris 404 fois
  • Le résultat moyen est 42 sur 200

Statistiques - réponses

NuméroRéponse% Correct
31Univers Marvel
81%
26Star Wars
78%
7Harry Potter
76%
127Titanic
71%
174Batman
62%
38Le Seigneur Des Anneaux
61%
13Le Parrain
59%
189Avatar
57%
3Fight Club
55%
12Inception
55%
25Forrest Gump
54%
22Pulp Fiction
54%
84Indiana Jones
53%
34Jurassic Park
53%
1La Ligne Verte
53%
82Retour Vers Le Futur
52%
106Fast And Furious
49%
48Matrix
47%
29James Bond
45%
54Terminator
45%
136Scarface
44%
32La Liste De Schindler
43%
148Barbie
42%
73Kill Bill
42%
112Dirty Dancing
40%
80Hunger Games
40%
40Mission Impossible
40%
27Rocky
40%
153Seven
40%
150La La Land
39%
8Léon
39%
144Oppenheimer
39%
59Le Bon La Brute Et Le Truand
38%
9Shining
38%
6Le Silence Des Agneaux
37%
24Le Loup De Wall Street
36%
70Les Évadés
36%
23Taxi Driver
36%
81Univers DC
36%
157Gladiator
35%
130Maman J'ai Raté L'avion
35%
128Pretty Woman
35%
76Scream
35%
176Les Affranchis
33%
2Psychose
33%
68Grease
32%
194La Grande Vadrouille
32%
142Les Dents De La Mer
32%
35Alien
31%
110La Haine
31%
79Mad Max
31%
200Conjuring
30%
56Edward Aux Mains D'argent
30%
121Orange Mécanique
30%
92Men In Black
29%
180Ocean
29%
131Apocalypse Now
28%
141Le Cercle Des Poètes Disparus
28%
160American Psycho
27%
46Django Unchained
27%
126E.T L'extra-terrestre
27%
125Full Metal Jacket
27%
85Drive
26%
44Le Diable S'habille En Prada
26%
4Million Dollar Baby
26%
166Parasite
26%
1472001 L'odyssée De L'espace
25%
53Die Hard
25%
72Le Pianiste
25%
64Reservoir Dogs
25%
195Il Faut Sauver Le Soldat Ryan
24%
111Black Swan
23%
45La Planète Des Singes
23%
95Pirate Des Caraibes
23%
101American Pie
22%
138Les Temps Modernes
22%
115Les Visiteurs
22%
62Saw
22%
154The Truman Show
22%
198Transformers
22%
5American History X
21%
15Douze Hommes En Colère
21%
52Halloween
21%
93Requiem For A Dream
21%
129Thelma Et Louise
21%
65Vol Au Dessus D'un Nid De Coucou
21%
10Casablanca
20%
88Jason Bourne
20%
169Le Fabuleux Destin D'Amélie Poulain
20%
132Citizen Kane
19%
11Danse Avec Les Loups
18%
158Elephant Man
18%
146Ghostbusters
18%
16Le Diner De Cons
18%
103Mystic River
18%
134The Artist
18%
156American Beauty
17%
170A Star Is Born
17%
57Beetlejuice
17%
69Happiness Therapy
17%
50Il Était Une Fois Dans L'ouest
17%
116Jack
17%
135Le Journal de Bridget Jones
17%
17Philadelphia
17%
181Rambo
17%
67Dallas Buyers Club
16%
122La Cité De La Peur
16%
61La Vie Est Belle
16%
167Les Oiseaux
16%
71Good Morning Vietnam
15%
113John Wick
15%
20L'exorciste
15%
109Nos Étoiles Contraires
15%
193Scary Movie
15%
162Casino
14%
175Il Était Une Fois En Amérique
14%
99Inglorious Basterds
14%
58La Momie
14%
143Le Cinquième Élément
14%
190Le Sixième Sens
14%
104The Blind Side
14%
137Virgin Suicides
14%
100Chucky
13%
171Everything Everywhere All At Once
13%
187Godzilla
13%
47Les Goonies
13%
159 | 197Predator
13%
161West Side Story
13%
55Erin Brockovich Seule Contre Tous
12%
41Good Morning England
12%
14Usual Suspects
12%
168La Famille Addams
11%
133Le Dictateur
11%
21Gran Torino
10%
139Rain Man
10%
183The Whale
10%
97Vendredi 13
10%
184Fenêtre Sur Cour
9%
186Heat
9%
188L'aile Ou La Cuisse
9%
66Las Vegas Parano
9%
18Le Discours D'un Roi
9%
155Les Tontons Flingueurs
9%
145Quand Harry Rencontre Sally
9%
90The Grand Budapest Hotel
9%
78500 Jours Ensemble
8%
177Destination Finale
8%
63Les Griffes De La Nuit
8%
163Slumdog Millionaire
8%
191Insidious
7%
151Old Boy
7%
36Walk The Line
7%
140Danish Girl
6%
33De L'eau Pour Les Éléphants
6%
51Gangster Squad
6%
39Invictus
6%
178Jack Ryan
6%
75L'arme Fatale
6%
96Le Prénom
6%
86The Big Lebowski
6%
28Twelve Years A Slave
6%
149Eternal Sunshine Of A Spotless Mind
5%
172Raging Bull
5%
49Speed
5%
19Trainspotting
5%
182Voyage Au Bout De L'enfer
5%
114Aviator
4%
185Barry Lyndon
4%
108Big Fish
4%
119Crazy Heart
4%
179Evil Dead
4%
165Légendes D'automne
4%
196Les Sentiers De La Gloire
4%
60Mandela Un Long Chemin Vers La Liberté
4%
74Blood Diamond
3%
123Dikkenek
3%
118Gangs Of New York
3%
107Je Te Promets
3%
199Millénium
3%
124Monty Python
3%
192Resident Evil
3%
152Et Pour Quelques Dollars De Plus
2%
91C'est Arrivé Près De Chez Vous
1%
120La Vague
1%
98Le Labyrinthe De Pan
1%
30Le Majordome
1%
164Les Figures De L'ombre
1%
87A La Rencontre De Forrester
0%
83Au Delà De Nos Rêves
0%
117Black Snake Moan
0%
94Chasing Mavericks
0%
77Gothika
0%
43Hatchi
0%
173Invincible
0%
89Kiss Kiss Bang Bang
0%
42L'effet Papillon
0%
37Le Nombre 23
0%
105Les Sentiers De La Perdition
0%
102Philomena
0%

Distribution des résultats

Percentile par nombre de réponses

% des personnes avec chaque résultat

Votre développement - résultats

Vous n’avez pas pris ce quiz